Responses for Show #3388 - Wednesday, May 5, 1999

1999 College Championship quarterfinal game 3.
From the Rosemont Theatre in Rosemont, Illinois.

Contestants

[<< previous game]

Julie Ann Cohen, a sophomore at the University of Michigan from Marietta, Georgia

Stephen James, a senior at the University of North Texas from Lewisville, Texas

Meg Audette, a junior at Wofford College from Ocala, Florida

[next game >>]

Jeopardy! Round responses

MODERN HISTORY
SCHOOLS IN TV & FILM
MATH TERMS
SPEAKING IN TONGUES
(Alex: You have to identify the language.)
HOBBYISTS
FUTILE PHRASES
    $100 18
Canal Zone

Meg
    $100 9
Marion Barry

Julie
    $100 4
Denominator

Meg
    $100 21
French

Julie
    $100 25
Queen bee

Julie
    $100 1
Crying

Meg
    $200 24
(S: Who is Chamberlain?)

Winston Churchill

Stephen
Triple Stumper
    $200 15
The University of New York

Triple Stumper
    $200 6
Base

Stephen
    $200 5
German

Stephen
    $200 14
Weed

Stephen
    $200 2
Moon

Stephen
    $300 19
Three Mile Island

Stephen
    $300 8
Politically correct

Meg
    $300 20
(M: What is 10?)

Logarithm

Meg
Triple Stumper
    $300 10
Spanish

Stephen
    $300 26
Tie-dyeing

Stephen
    $300 13
(J: What is a stick?)

Dead horse

StephenJulie
    $300 22
(J: [No response]).
(about a minute to go in the round...)

Indira Gandhi

Julie
    $400 7
Growing Pains

Stephen
    $400 11
Italian

Julie
    $400 27
Rubber stamps

Meg
    $400 16
Your head

Stephen
    $500 23
Augusto Pinochet

Triple Stumper
    $500 3
Spike Lee

Stephen
    $500 12
Russian

Meg
    $500 28
(buzzer sounds)

Throw

Meg
    $500 17
(J: What is for the birds?)

Wild goose chase

StephenJulie

Scores at the first commercial break (after clue 15):

Meg Stephen Julie
$1,000 $2,300 $200

Scores at the end of the Jeopardy! Round:

Meg Stephen Julie
$1,700 $3,600 -$400

Double Jeopardy! Round responses

UNO
CAREERS
LIFE
CANDY LAND
TWISTER
OTHELLO
    $200 14
Chlorophyll

Stephen
    $200 1
M&M's

Stephen
    $200 24
Iago

Meg
    $400 11
Human cannonball

Stephen
    $400 3
Chromosomes

Julie
    $400 5
Butterfinger

Stephen
    $400 23
(M: What is Topeka?)

Tupelo

MegStephen
    $400 19
(M: What is Verona?)

Venice

MegJulie
    $600 21
High jump

Meg
    $600 9
Bouncers

Meg
    $600 4
(S: What is the placenta?)

Amniotic sac

StephenJulie
    $600 15
Good & Plenty

Triple Stumper
    $600 16
(M: What is Pentecost?)
(J: What is Good Friday?)

Palm Sunday

MegStephenJulie
    $600 12
Bianca

Stephen
    $800 13
Shine

Stephen
    $800 20
(we have about a minute left...)

(Barbara) Boxer

Stephen
    $800 8
(S: What are lichen?)

Sponges

Stephen
    $800 7
Reese's

Stephen
    $800 17
Waco

Meg
    $800 10
(M: What is a dagger?)

Handkerchief

MegJulie
    $1000 22
Peyton Manning

Stephen
    $1000 26
(buzzer sounds)

Local area networks

Stephen
    $1000 25
Antigen

Meg
    $1000 6
Jelly Belly jelly beans

Julie
    $1000 18
Bangladesh

Triple Stumper
    $800 2
Cannibalism

Stephen

Scores at the end of the Double Jeopardy! Round:

Meg Stephen Julie
$2,700 $10,200 $2,200
(lock game)

Final Jeopardy! Round responses

WORLD LITERATURE
JulieWhat is French Indi
$1,300
MegWhat is Gulliver's Travels?
$2,700
StephenWhat is [I just don't know] War & Peace
$1,200
"Gulliver's Travels"

Final scores:

Meg Stephen Julie
$5,400 $9,000 $900
2nd place: $2,500 if eliminated Automatic semifinalist 3rd place: $2,500 if eliminated

Game dynamics:

Coryat scores:

Meg Stephen Julie
$2,700 $11,200 $2,500
12 R,
5 W
25 R
(including 1 DD),
3 W
(including 1 DD)
9 R,
4 W
(including 1 DD)

Combined Coryat: $16,400

[game clues] [game scores] [suggest correction]

Game tape date: Unknown
The J! Archive is created by fans, for fans. Scraping, republication, monetization, and malicious use prohibited; this site may use cookies and collect identifying information. See terms. The Jeopardy! game show and all elements thereof, including but not limited to copyright and trademark thereto, are the property of Jeopardy Productions, Inc. and are protected under law. This website is not affiliated with, sponsored by, or operated by Jeopardy Productions, Inc. Join the discussion at JBoard.tv.